000 00348nam a2200133Ia 4500
008 220216s9999 xx 000 0 und d
100 _aMarkose V C
245 0 _aStudies on the progenies of a Hevea mutant
260 _bPlacrosym IV, Mysore, 1981
_c1981
700 _aGeorge P J
700 _aLicy J
700 _aSaraswathyamma C K
942 _cJS
999 _c69725
_d69725